10 najmniejszych miast w Polsce - Statystyki

Ogólne statystyki
  • Ten quiz został rozwiązany 12 razy
  • Średni wynik to 3 z 10
Statystyki odpowiedzi
Ludność Miasto % Poprawnych
924 Wyśmierzyce
60%
999 Suraż
50%
944 Działoszyce
40%
1323 Krynica morska
40%
1291 Skalbmierz
30%
1310 Kleszczele
20%
1416 Dobra/Kołaczyce
10%
1404 Lubień kujawski
10%
1212 Nowe Warpno
10%
1317 Szlichtyngowa
10%
Nie znaleziono quizów pasujących do podanych kryteriów
Rozkład punktacji
Procent ludzi z każdym wynikiem
Percentyl według liczby udzielonych odpowiedzi
Twoja historia wyników
Nie rozwiązałeś tego quizu